Discrete mathematical structures / (Record no. 28414)

MARC details
000 -LEADER
fixed length control field 00959nam a22002654a 4500
005 - DATE AND TIME OF LATEST TRANSACTION
control field 20090718145555.0
008 - FIXED-LENGTH DATA ELEMENTS--GENERAL INFORMATION
fixed length control field 080304s2009 njua 001 0 eng
010 ## - LCCN (DPL NO)
LC control number ENG-94471
020 ## - INTERNATIONAL STANDARD BOOK NUMBER
International Standard Book Number 9788120336896
Terms of availability 375.00
035 ## - SYSTEM CONTROL NUMBER
System control number EN-78004
037 ## - SOURCE OF ACQUISITION
Source of stock number/acquisition DBAD / PUB
040 ## - CATALOGING SOURCE
Original cataloging agency dpl
Language of cataloging English
082 ## - DEWEY DECIMAL CLASSIFICATION NUMBER
Classification number 511.1
100 ## - MAIN ENTRY--PERSONAL NAME
Personal name Kolman, Bernard
245 ## - TITLE STATEMENT
Title Discrete mathematical structures /
Statement of responsibility, etc by Bernard Kolman, Robert C. Busby [and] Sharon Cutler Ross
250 ## - EDITION STATEMENT
Edition statement 6th ed.
260 ## - PUBLICATION, DISTRIBUTION, ETC. (IMPRINT)
Place of publication, distribution, etc New Delhi
Name of publisher, distributor, etc PHI Learning
Date of publication, distribution, etc 2009
270 ## - ADDRESS
Address M-97, Connaught Circus
City New Delhi
Postal code 110001
300 ## - PHYSICAL DESCRIPTION
Extent xv, 522, I-19p.
Other physical details 28cm(pbk)
500 ## - GENERAL NOTE
General note Includes index.
700 ## - ADDED ENTRY--PERSONAL NAME
Personal name Busby, Robert C.
700 ## - ADDED ENTRY--PERSONAL NAME
Personal name Ross, Sharon Cutler
942 ## - ADDED ENTRY ELEMENTS (KOHA)
Source of classification or shelving scheme Dewey Decimal Classification
Item type English Books
Classification part 511.1
Call number suffix KOL
Holdings
Withdrawn status Lost status Source of classification or shelving scheme Damaged status Not for loan Collection code Home library Current library Date acquired Source of acquisition Cost, normal purchase price Total Checkouts Full call number Barcode Date last seen Copy number Cost, replacement price Koha item type
    Dewey Decimal Classification   Not For Loan Non-fiction D.B.Act.Division D.B.Act.Division 18/07/2009 DBAD / PUB 375.00   511.1 KOL EN-78004 18/07/2009 1 375.00 English Books

© Delhi Public Library
Hit Counter
free hit counter